Vybrané problémy makroekonomiky a hospodárskej politiky

Salvato in:
Dettagli Bibliografici
Autore principale: Baránik, Michal
Ente Autore: Vysoká škola ekonomická v Bratislave. Národohospodárska fakulta
Natura: Libro
Lingua:slovacco
Pubblicazione: Bratislava Vysoká škola ekonomická 1991
Tags: Aggiungi Tag
Nessun Tag, puoi essere il primo ad aggiungerne!!

MARC

LEADER 00000nam a2200000 4500
001 c022457
005 20260325093352.1
041 0 |a slo 
044 |a SK 
245 1 0 |a Vybrané problémy makroekonomiky a hospodárskej politiky  |c Michal Baránik a kol. 
264 1 |a Bratislava  |b Vysoká škola ekonomická  |c 1991 
300 |a 146 s. 
100 1 |a Baránik, Michal 
710 2 |a Vysoká škola ekonomická v Bratislave. Národohospodárska fakulta